| 000 | 01427nmc a2200457 a 4500 | ||
|---|---|---|---|
| 003 | AR-BaBNM | ||
| 005 | 20251128211814.0 | ||
| 008 | 026020s2004 ||||||||||||||000 | spa|| | ||
| 020 | _a950-12-6543-9 | ||
| 040 | _cAR-BaBNM | ||
| 245 | 1 | 0 |
_aIntelectuales y expertos _bla constitución del conocimiento social en la Argentina |
| 250 | _a1ª ed. | ||
| 260 |
_aBuenos Aires _bPaidós _c2004 |
||
| 300 | 0 | _a395 p. | |
| 490 | 0 |
_aEspacios del saber _v43 |
|
| 504 | _aContiene índice de revistas y publicaciones: p.383 | ||
| 504 | _aContiene bibliografía al final de cada capítulo | ||
| 600 | 1 | 4 | _aBleger, José |
| 600 | 1 | 4 | _aBunge, Alejandro Ernesto |
| 600 | 1 | 4 | _aCanals Frau, Salvador |
| 600 | 1 | 4 | _aOrfila Reynal, Arnaldo |
| 600 | 1 | 4 | _aPeralta, Santiago M. |
| 600 | 1 | 4 | _aRomero, José Luis |
| 600 | 1 | 4 | _aScalabrini Ortiz, Raúl |
| 600 | 1 | 4 | _aSpivacow, José Boris |
| 610 | 1 | 4 | _aInstituto Etnico Nacional |
| 610 | 1 | 4 | _aInstituto Torcuato Di Tella |
| 610 | 1 | 4 | _aCentro de Investigaciones Económicas |
| 650 | 4 | _aCIENCIAS SOCIALES | |
| 650 | 4 | _aINTELECTUALES | |
| 650 | 4 | _aHISTORIA DE LAS CIENCIAS | |
| 650 | 4 | _aSOCIOLOGIA DE LAS CIENCIAS | |
| 650 | 4 | _aPOLITICA CIENTIFICA | |
| 650 | 4 | _aEDITORIALES | |
| 650 | 4 | _aPOLITICA CULTURAL | |
| 651 | 4 | _aArgentina | |
| 700 | 1 |
_aNeiburg, Federico G. _ecompilador |
|
| 700 | 1 |
_aPlotkin, Mariano _ecompilador |
|
| 942 | _cBK | ||
| 998 | _cme-solo cat | ||
| 999 |
_c21197 _d21197 |
||